000
00269nam a2200121Ia 4500
008
190216s9999||||xx |||||||||||||| ||und||
100
_a
"Verma,Agarwal"
245
0
_a
Insurance
260
_b
King`S Books Delhi
_c
2008
300
_a
408
650
_a
Commerce
942
_c
BK
999
_c
7607
_d
7607